Жорстоке милосердя. Міст через ніч (Запис № 17562)

000 -Маркер запису
Контрольне поле сталої довжини 01638nam a22002657a 4500
003 - Належність контрольного номера
Контрольне поле Uzh_bibl
008 - Кодовані дані
Контрольне поле сталої довжини 260429b |||||||| |||| 00| 0 ukr d
020 ## - Індекс ISBN
Ціна 1.80
040 ## - Джерело каталогіз.
Служба первин.кат. укр.
041 ## - Код мови видання
Код мови оригіналу українська
Код мови тексту українська
080 ## - Індекс УДК
Індекс УДК 821(477)
090 ## - Шифри
Поличний індекс 821(477)
Авторський знак М 93
100 ## - Автор
Автор Мушкетик, Юрій
245 ## - Назва
Назва Жорстоке милосердя. Міст через ніч
Фізичний носій Текст
260 ## - Вихідні дані
Місце видання Київ
Видавництво Дніпро
Дата видання 1983
300 ## - Фізичний опис
Обсяг 438 с.
Тип одиниці В опр.
490 ## - Серія
Назва серії Серія "Звитяга"
520 ## - Анотація
Анотація Події Другої світової війни оживають на сторінках роману і повісті українського радянського письменника. Вони проходять крізь життя і свідомість героїв творів — людей мужніх, безстрашних, вольових, благородних і чесних, що здатні подолати будь-які перешкоди на шляху до звільнення Батьківщини, до щастя.
521 ## - Примітка про цільове призначення
Примітка про цільове призначення Для широкого кола читачів
546 ## - Примітка про мову
Примітка про мову укр.
650 ## - Тематичні рубрики
Основна рубрика Літературно-художнє видання
Хронологічна підрубрика Період Друга світова війна (1940-ві роки)
Географічна підрубрика Україна та окуповані території СРСР
653 ## - Ключові слова
Ключові слова Війна
-- Героїзм
-- Мужність
-- Боротьба
-- Самопожертва
655 ## - Термін індексування — жанр/форма
Жанр/форма Роман і повість (воєнно-історична проза)
Типове ділення Роман. Повість
942 ## - ADDED ENTRY ELEMENTS (KOHA)
Джерело класифікації чи схема поличного розташування
Koha item type Книги
Фонди
Статус вилучення Статус втрати/відсутності Джерело класифікації чи схема поличного розташування Статус пошкодження Тип обігу (не для випозичання) Постійне розташування Поточне розташування Розташування у відділі Дата надходження Інвентарний номер Total Checkouts Повний (примірниковий) шифр зберігання Штрих-код Date last seen Дата, для якої чинна ціна заміни Тип одиниці (рівень примірника)
          Публічна бібліотека Публічна бібліотека Абонемент 29/04/2026 17725   821(477) 20328 29/04/2026 29/04/2026 Книги

Працює на АБІС Коха